000 01015nam a22003017a 4500
001 BR7000769
003 BR-BrBNA
005 20230928083616.0
007 ta
008 230509b bl.||||| |||| 00| 0 por d
040 _aBR-BrBNA
_bpor
_cBiblioteca Nacional de Agricultura
041 _a(Por)
072 _aP12; E30
_b/G514
_b/GZ35
090 _ P12 BR7000769
110 1 _aSuperintendencia do Vale do Sao Francisco, Rio de Janeiro, GB (Brasil)
_910220
245 1 _aAcao do Governo Federal do Vale do Sao Francisco [Bacia hidrografica; Irrigacao; Politica de desenvolvimento; Brasil]
_bSintese
260 3 _aRio de Janeiro, GB (Brasil):
_c1970.
300 _a9 p.
500 _aMap (scale 1:500,000), Map (scale 1:250,000)Map (scale 1:10,000)
650 _aIRRIGACAO
650 _aPOLITICA DE DESENVOLVIMENTO
650 _aBACIA HIDROGRAFICA
650 _aBARRAGEM
650 _aDESENVOLVIMENTO ECONOMICO
650 _aVALE DO SAO FRANCISCO
909 _a202309
_bLucia
_c55
_dLucia Elande
942 _cBK
999 _c14447
_d14447